[Event "Foment Martinenc op-A 22nd"]
[Site "Barcelona"]
[Date "2022.06.04"]
[Round "7"]
[White "Ribera Caro, Joan"]
[Black "Vargas Rodriguez, Gabriel"]
[Result "1/2-1/2"]
[WhiteElo "1666"]
[BlackElo "1863"]
[PlyCount "64"]
[EventDate "2022.04.23"]
[EventType "swiss"]
[EventRounds "9"]
[EventCountry "ESP"]
[SourceTitle "EXT 2023"]
[Source "ChessBase"]
[SourceDate "2022.10.05"]
[SourceVersion "1"]
[SourceVersionDate "2022.10.05"]
[SourceQuality "1"]

1. c4 c6 2. d4 d5 3. Nf3 Nf6 4. Qb3 dxc4 5. Qxc4 Bf5 6. g3 Nbd7 7. Bg2 e6 8. 0-0 Be7 9. e3 0-0 10. Nc3 Ne4 11. Nd2 Nxd2 12. Bxd2 Nb6 13. Qe2 c5 14. e4 Bg6 15. dxc5 Bxc5 16. Rfd1 Qe7 17. e5 Bd4 18. Rac1 Rac8 19. Bf4 Bxc3 20. Rxc3 Rxc3 21. bxc3 Rc8 22. Qb2 Na4 23. Qxb7 Qxb7 24. Bxb7 Rb8 25. Be3 h6 26. Bf3 Nxc3 27. Bxa7 Rb2 28. Ra1 Nxa2 29. Be3 Nb4 30. Ra8+ Kh7 31. Rb8 Nd3 32. Rxb2 Nxb2 1/2-1/2

[Event "Canovelles op"]
[Site "Canovelles"]
[Date "2021.12.27"]
[Round "1"]
[White "Cruz Estrada, Filemon"]
[Black "Vargas Rodriguez, Gabriel"]
[Result "1-0"]
[WhiteElo "2310"]
[BlackElo "1723"]
[PlyCount "69"]
[EventDate "2021.12.27"]
[EventType "swiss"]
[EventRounds "7"]
[EventCountry "ESP"]
[SourceTitle "CBM 206 Extra"]
[Source "ChessBase"]
[SourceDate "2022.03.31"]
[SourceVersion "1"]
[SourceVersionDate "2022.03.31"]
[SourceQuality "1"]

1. c4 c6 2. d4 d5 3. e3 Nf6 4. Nc3 g6 5. Nf3 Bg7 6. Bd3 0-0 7. h3 Bf5 8. Bxf5 gxf5 9. Qd3 e6 10. cxd5 cxd5 11. g4 Ne4 12. gxf5 exf5 13. Qb5 Nxc3 14. bxc3 Qd7 15. Qxd7 Nxd7 16. Nh4 f4 17. Nf5 Bf6 18. exf4 Rac8 19. Kd2 Nb6 20. a4 Rc4 21. a5 Ra4 22. Rxa4 Nxa4 23. Ba3 Rc8 24. Rg1+ Kh8 25. Nd6 Rc7 26. Ne8 Rc6 27. Bf8 Rc8 28. Nxf6 Rxf8 29. Nxd5 f5 30. Rb1 Rd8 31. Ne3 Rc8 32. Nd1 b6 33. Rb4 Nc5 34. dxc5 bxc5 35. Rb7 1-0

[Event "Barcelona Sant Marti op-B 21st"]
[Site "Barcelona"]
[Date "2019.07.18"]
[Round "6"]
[White "Amirkhanyan, Mane"]
[Black "Vargas Rodriguez, Gabriel"]
[Result "0-1"]
[WhiteElo "1357"]
[BlackElo "1703"]
[PlyCount "62"]
[EventDate "2019.07.13"]
[EventType "swiss"]
[EventRounds "9"]
[EventCountry "ESP"]
[SourceTitle "EXT 2020"]
[Source "ChessBase"]
[SourceDate "2019.10.17"]
[SourceVersion "1"]
[SourceVersionDate "2019.10.17"]
[SourceQuality "1"]

1. e4 c6 2. d4 d5 3. e5 c5 4. c3 Nc6 5. Ne2 Bf5 6. Be3 e6 7. b3 Nge7 8. Ng3 Bxb1 9. Rxb1 cxd4 10. cxd4 Qa5+ 11. Qd2 Qxd2+ 12. Kxd2 h5 13. Kc2 h4 14. Ne2 Rc8 15. Kb2 Nf5 16. Rc1 Be7 17. Bd2 Kd7 18. Bc3 g5 19. g3 g4 20. Rd1 Bb4 21. Bxb4 Nxb4 22. Rd2 Rc7 23. a3 Nc6 24. h3 hxg3 25. Nxg3 Nfxd4 26. hxg4 Rxh1 27. Nxh1 Nf3 28. Re2 Ncd4 29. Re3 Rc2+ 30. Ka1 Rc1+ 31. Ka2 Rxf1 0-1